Fr. Conceicao Rodrigues College of Engineering

RELATISONSHIP (Record no. 21101)

MARC details
000 -LEADER
fixed length control field 00214nam a2200121Ia 4500
100 ## - MAIN ENTRY--PERSONAL NAME
Personal name TONY LAKE
245 ## - TITLE STATEMENT
Title RELATISONSHIP
260 ## - PUBLICATION, DISTRIBUTION, ETC.
Name of publisher, distributor, etc. #N/A
300 ## - PHYSICAL DESCRIPTION
Extent 320
546 ## - LANGUAGE NOTE
Language note ENGLISH
942 ## - ADDED ENTRY ELEMENTS (KOHA)
Koha item type BOOK
Holdings
Withdrawn status Lost status Damaged status Not for loan Collection Home library Current library Shelving location Date acquired Total Checkouts Full call number Barcode Date last seen Price effective from Koha item type
        ITI Fr. Agnel's C.Rodrigues College of Engineering Fr. Agnel's C.Rodrigues College of Engineering   17/03/2023   ITI981 17/03/2023   BOOK